| 000 | 00592nam a22002057a 4500 | ||
|---|---|---|---|
| 999 |
_c193595 _d193595 |
||
| 005 | 20221104122932.0 | ||
| 010 | _aA-140616 | ||
| 020 |
_c00.00 _a0-7069-1961-0 |
||
| 035 | _aA-140616 | ||
| 037 | _bBPPD | ||
| 082 | _aN | ||
| 100 | _aAwasthy, Rajendra | ||
| 245 |
_aThe Red Soil: _cby Rajendra Awasthy, tr. by Shrawan kumar _bA Novel/ |
||
| 260 |
_aU.P. _bVikas Publising House Pvt. Ltd. _c1982 |
||
| 270 |
_bGhazibad _e201010 _aVikas house, 20/4 Industrial area, Shahihbad |
||
| 300 |
_a134p. _c21cm(pbk) |
||
| 500 | _aA Novel | ||
| 700 | _aShrawan Kumar | ||
| 942 |
_2ddc _cEN _hN _mAWA |
||